| 000 | 01090cam a22002295a 4500 | ||
|---|---|---|---|
| 001 | L150479 | ||
| 008 | 100719s2010 xxk 000 0 eng d | ||
| 035 | _a(Sirsi) u150479 | ||
| 041 | 0 | _aeng | |
| 100 | 1 | _aWebber, Richard | |
| 245 | 0 | 0 | _aHow to have an imPACT on lease renewals |
| 260 | _c2010 | ||
| 490 |
_aHogan Lovells Real Estate Quarterly _vSummer 2010, 2-3(2) |
||
| 520 | _aShould landlords and tenants renewing their business leases take advantage more often of the relaunched, RICS and Property Litigation Association backed Professional Arbitration on Court Terms (PACT) out-of-court agreement scheme? Outlines the advantages of PACT and when it is less suitable. Describes how to use PACT and judges whether the scheme works or not. | ||
| 590 | _aKA | ||
| 650 | 2 | 4 | _aLANDLORD AND TENANT ACT 1954 |
| 650 | 2 | 4 | _aPROFESSIONAL ARBITRATION ON COURT TERMS |
| 650 | 2 | 4 | _aPACT |
| 651 | 4 |
_aEngland and Wales _y1543- |
|
| 690 | _aPROPERTY-COMMERCIAL PROPERTY-LEASEHOLD COMMERCIAL PROPERTY-COMMERCIAL LANDLORD AND TENANT-COMMERCIAL LEASES-COMMERCIAL LEASE RENEWAL | ||
| 942 | _n0 | ||
| 999 |
_c82522 _d82522 |
||